000
00290nam a2200121Ia 4500
008
190216s9999||||xx |||||||||||||| ||und||
100
_a
Vasishtha
245
0
_a
Co-Ordinate Solid Geometry
260
_b
Krishna Prakasan Mandir
_c
1986
300
_a
522
650
_a
Mathematics
942
_c
BK
999
_c
30907
_d
30907